| 000 | 00732nam a2200193Ia 4500 | ||
|---|---|---|---|
| 003 | GCL | ||
| 008 | 140319s9999 xx 000 0 ara d | ||
| 040 |
_aGCL / _cGCL |
||
| 082 | 0 | 4 |
_a398.08 _bهـ ن |
| 100 | 1 | _aحسن عاصى | |
| 245 | 1 | 0 |
_aنتائج الفطنة فى نظم كليلة ودمنة / _cحسن عاصى |
| 700 | 1 | _aابن الهبارية : نظام الدين ابو يعلى محمد بن محمد بن صالح الهاشمى البغدادى | |
| 300 | _a323 ص | ||
| 490 |
_aالامثال والحكم فى اداب الشعوب والامم _v0 |
||
| 650 | 0 | 4 | _aالادب الشعبى |
| 650 | 0 | 4 | _aالامثال العامية |
| 650 | 0 | 4 | _aالادب الهندى المترجم |
| 942 |
_2ddc _cBK |
||
| 999 |
_c43487 _d43487 |
||